Pokémon - Les attaques de Pachyradjah - Statistiques

Statistiques générales
  • Ce quiz a été pris 16 fois
  • Le résultat moyen est 12 sur 14
Statistiques - réponses
Niveaux Types Noms des coups % Correct
Départ Normal Charge
100%
Niveau 20 Normal Écrasement
100%
Niveau 15 Sol Piétisol
100%
Niveau 65 Combat Surpuissance
100%
Niveau 44 Acier Tête de Fer
100%
Niveau 51 Fée Câlinerie
91%
Niveau 58 Sol Cavalerie Lourde
91%
Départ Évolution Acier Tacle Lourd
91%
Niveau 25 Acier Mur de Fer
82%
Niveau 30 Sol Tunnel
82%
Départ Combat Éclate-Roc
73%
Départ Normal Rugissement
64%
Niveau 37 Normal Force
55%
Départ Roche Roulade
45%
Aucun quiz correspondant
Distribution des résultats
% des personnes avec chaque résultat
Percentile par nombre de réponses
Votre historique - résultats
Vous n’avez pas pris ce quiz